<?xml version="1.0" encoding="UTF-8"?>
<record
    xmlns:xsi="http://www.w3.org/2001/XMLSchema-instance"
    xsi:schemaLocation="http://www.loc.gov/MARC21/slim http://www.loc.gov/standards/marcxml/schema/MARC21slim.xsd"
    xmlns="http://www.loc.gov/MARC21/slim">

  <leader>02952    a2200229   4500</leader>
  <controlfield tag="001">39375</controlfield>
  <controlfield tag="005">20260407155652.0</controlfield>
  <controlfield tag="008">260407a1973    arg                 spa d</controlfield>
  <controlfield tag="003">AR-UNSa-BCEJYS</controlfield>
  <datafield tag="040" ind1=" " ind2=" ">
    <subfield code="a">AR-UNSa-BCEJYS</subfield>
    <subfield code="b">spa</subfield>
    <subfield code="c">AR-UNSa-BCEJYS</subfield>
  </datafield>
  <datafield tag="080" ind1=" " ind2=" ">
    <subfield code="a">659</subfield>
    <subfield code="x">Publicidad y propaganda. Informaci&#xF3;n Relaciones p&#xFA;blicas
</subfield>
  </datafield>
  <datafield tag="245" ind1="1" ind2="0">
    <subfield code="a">Manual de relaciones p&#xFA;blicas</subfield>
  </datafield>
  <datafield tag="020" ind1=" " ind2=" ">
    <subfield code="a">84-270-0023-5</subfield>
  </datafield>
  <datafield tag="250" ind1=" " ind2=" ">
    <subfield code="a">4a. ed</subfield>
  </datafield>
  <datafield tag="264" ind1=" " ind2="1">
    <subfield code="a">Barcelona :</subfield>
    <subfield code="b">Ediciones Mart&#xED;nez Roca</subfield>
    <subfield code="c">1973</subfield>
  </datafield>
  <datafield tag="300" ind1=" " ind2=" ">
    <subfield code="a">2v.(429; 502p.)</subfield>
    <subfield code="c">23 cm.</subfield>
  </datafield>
  <datafield tag="505" ind1=" " ind2=" ">
    <subfield code="a">Vol. I :1. &#xBF;En que consisten exactamente las relaciones p&#xFA;blicas? - 2. La naturaleza de una comunicaci&#xF3;n eficaz - 3. Relaciones p&#xFA;blicas y direcci&#xF3;n - 4. Relaciones p&#xFA;blicas financiera - 5. Relaciones industriales - 6. Relaciones con los empleados - 7. Publicaciones para los empleados - 8. Relaciones p&#xFA;blicas y asuntos laborales - 9. Relaciones sociales - 10. Papel de las relaciones p&#xFA;blicas en la distribuci&#xF3;n - 11. Organizaci&#xF3;n de unas eficaces relaciones con los concesionarios - 12. Relacones con los clientes - 13. C&#xF3;mo asegurar buenas relaciones con el gobierno - 14. Relaciones p&#xFA;blicas internacionales: I. La creciente necesidad - 15. Relaciones p&#xFA;blicas interncionales : II. Relaciones con un p&#xFA;blico extranjero - 16. La compa&#xF1;ia de servicio p&#xFA;blico y su p&#xFA;blico - 17. Relaciones p&#xFA;blicas para asociaciones gremiales - 18. Relaciones p&#xFA;blicas para instituciones o empresas financieras - 19. Relaciones p&#xFA;blicas para los grandes almacenes - 20. Relaciones p&#xFA;blicas para el peque&#xF1;o detallista - 21. Relaciones p&#xFA;blicas para regiones y grupos religiosos - 22. Relaciones p&#xFA;blicas para instituciones educativas - 24. Relaciones p&#xFA;blicas para peri&#xF3;dicos -  25. Relaciones p&#xFA;blicas para emisoras de radio y televisi&#xF3;n -- Vol. II: 26. Preliminares para la publicidad - 27. Publicidad en los peri&#xF3;dicos - 28. Publicidad de revista - 29. Libros y otras publicaciones - 30. Publicidad en la radio y en la televisi&#xF3;n - 31. Televisi&#xF3;n educativa - 32. Publicidad en las pel&#xED;culas y la televisi&#xF3;n -  33. Medios de publicidad directa - 34. Medios de publicidad directa - 35. La importancia de los grupos influyentes - 36. Los anuncios como medio de comuicaci&#xF3;n de relaciones p&#xFA;blicas - 37. El papel de la investigaci&#xF3;n en relaciones p&#xFA;blicas - 38. Como realizar una encuesta de opiniones o actitudes - 39. Documentaci&#xF3;n informativa para las relaciones p&#xFA;blicas - 40. C&#xF3;mo se complementa la publicidad y las relaciones p&#xFA;blicas - 41. Como escribir inteligiblemente - 42. Como usar las artes gr&#xE1;ficas para las relaciones p&#xFA;blicas - 43. Organizaci&#xF3;n y funcionamiento del departamento de relaciones p&#xFA;blicas en una gran empresa - 44. El lugar y la funci&#xF3;n del consejero de relaciones p&#xFA;blicas - 45. Principios y tendencias - Bibliograf&#xED;a</subfield>
  </datafield>
  <datafield tag="942" ind1=" " ind2=" ">
    <subfield code="c">BK</subfield>
  </datafield>
  <datafield tag="590" ind1=" " ind2=" ">
    <subfield code="a">niveau_biblio:m niveau_hierar:0</subfield>
  </datafield>
  <datafield tag="100" ind1="1" ind2=" ">
    <subfield code="a">Lesly, Philip</subfield>
  </datafield>
  <datafield tag="700" ind1="1" ind2=" ">
    <subfield code="a">L&#xF3;pez Castro, Juan Francisco</subfield>
  </datafield>
  <datafield tag="999" ind1=" " ind2=" ">
    <subfield code="c">3037</subfield>
    <subfield code="d">3037</subfield>
  </datafield>
  <datafield tag="952" ind1=" " ind2=" ">
    <subfield code="0">0</subfield>
    <subfield code="1">0</subfield>
    <subfield code="4">0</subfield>
    <subfield code="7">0</subfield>
    <subfield code="a">BCEJYS</subfield>
    <subfield code="b">BCEJYS</subfield>
    <subfield code="c">16</subfield>
    <subfield code="d">2026-04-07</subfield>
    <subfield code="l">0</subfield>
    <subfield code="o">659 L631 v.1 4ed.</subfield>
    <subfield code="p">L12331</subfield>
    <subfield code="r">2026-04-07 15:56:52</subfield>
    <subfield code="w">2026-04-07</subfield>
    <subfield code="y">L</subfield>
  </datafield>
  <datafield tag="952" ind1=" " ind2=" ">
    <subfield code="0">0</subfield>
    <subfield code="1">0</subfield>
    <subfield code="4">0</subfield>
    <subfield code="7">0</subfield>
    <subfield code="a">BCEJYS</subfield>
    <subfield code="b">BCEJYS</subfield>
    <subfield code="c">16</subfield>
    <subfield code="d">2026-04-07</subfield>
    <subfield code="l">0</subfield>
    <subfield code="o">659 L631 v.2 4ed.</subfield>
    <subfield code="p">L12332</subfield>
    <subfield code="r">2026-04-07 15:56:52</subfield>
    <subfield code="w">2026-04-07</subfield>
    <subfield code="y">L</subfield>
  </datafield>
</record>
